| 000 | 00735nam0a22002291 4500 | ||
|---|---|---|---|
| 001 | v19\rc\1197699 | ||
| 005 | 20250617213035.0 | ||
| 035 | _a(NLR Aleph) 004364076 | ||
| 090 |
_a3411864 _c3411864 |
||
| 100 | _a20060306d1862 |||y0rusy50 ca | ||
| 101 | 0 | _arus | |
| 102 | _aRU | ||
| 105 | _ay z ||||| | ||
| 200 | 1 |
_aЛукреция Борджиа _eМелодрама с прологом, в 2-х д. _e[Краткое либретто] _fМуз. Доницетти |
|
| 210 |
_aОдесса _cтип. П. Францова _d1862 |
||
| 215 | _a8 с. | ||
| 309 | _aИзд. 1873 г. без тит. л. и обл. | ||
| 801 | 0 |
_aRU _bNLR _gpsbo |
|
| 801 | 1 |
_aRU _bProSoft-M _2rusmarc |
|
| 852 |
_aNLR _j18.147.2.226 |
||
| 942 | _cBOOK | ||
| 980 | _aNB | ||